Biosequestration and ecological diversity : Mitigating and adapting to climate change and environmental degradation
Written for students, researchers, and academics involved in environmental and social sciences, as well as land owners and managers, this reference is the first of its kind to cover biosequestration for a broad audience. The author covers the scientific evidence of biosequestration, the various land...
Na minha lista:
| Autor principal: | |
|---|---|
| Formato: | Livro |
| Idioma: | Undetermined |
| Publicado em: |
Boca Raton, FL
Taylor & Francis
2013
|
| Assuntos: | |
| Tags: |
Adicionar Tag
Sem tags, seja o primeiro a adicionar uma tag!
|
| Thư viện lưu trữ: | Trung tâm Học liệu Trường Đại học Cần Thơ |
|---|
| LEADER | 01460nam a2200229Ia 4500 | ||
|---|---|---|---|
| 001 | CTU_184159 | ||
| 008 | 210402s9999 xx 000 0 und d | ||
| 020 | |c 1942000 | ||
| 082 | |a 577.144 | ||
| 082 | |b W589 | ||
| 100 | |a White, Wayne A. | ||
| 245 | 0 | |a Biosequestration and ecological diversity : | |
| 245 | 0 | |b Mitigating and adapting to climate change and environmental degradation | |
| 245 | 0 | |c Wayne A. White | |
| 260 | |a Boca Raton, FL | ||
| 260 | |b Taylor & Francis | ||
| 260 | |c 2013 | ||
| 520 | |a Written for students, researchers, and academics involved in environmental and social sciences, as well as land owners and managers, this reference is the first of its kind to cover biosequestration for a broad audience. The author covers the scientific evidence of biosequestration, the various land practices that sequester carbon, and policies in place to encourage such practices. It includes examples of actions taken by the author that can be used by gardeners, farmers, ranchers, and those in land management. It also focuses on several issues of importance: global warming, carbon pollution, sustainable agriculture, ecological problems of conventional agriculture, and land management | ||
| 650 | |a Carbon sequestration,Climatic changes,Hấp thụ carbon,Biến đổi khí hậu | ||
| 650 | |x Environmental aspects,Khía cạnh môi trường | ||
| 904 | |i Hải | ||
| 980 | |a Trung tâm Học liệu Trường Đại học Cần Thơ | ||